Т. 10: 7/9 Искусство. Спорт. Филология. География. История; УДК; Универсальная десятичная классификация

Detalles Bibliográficos
Parent link:УДК
Универсальная десятичная классификация: полное четвертое издание на русском языке/ Российская академия наук ; Всероссийский институт научной и технической информации (ВИНИТИ) ; гл. ред. Ю. М. Арский. Т. 10: 7/9 Искусство. Спорт. Филология. География. История
Sumario:Посвящается 55-летию ВИНИТИ.
Lenguaje:ruso
Publicado: 2009
Materias:
Formato: MixedMaterials Libro
KOHA link:https://koha.lib.tpu.ru/cgi-bin/koha/opac-detail.pl?biblionumber=152279

MARC

LEADER 00000nam2a2200000 4500
001 152279
005 20231101221618.0
010 |a 9785945770553 
035 |a (RuTPU)RU\TPU\book\165108 
090 |a 152279 
100 |a 20090129d2009 k y0rusy50 ca 
101 0 |a rus 
102 |a RU 
105 |a y l 010zy 
200 0 |a Т. 10: 7/9 Искусство. Спорт. Филология. География. История 
210 |d 2009 
215 |a 188 с. 
300 |a Посвящается 55-летию ВИНИТИ. 
461 1 |0 (RuTPU)RU\TPU\book\147356  |t УДК 
461 |t Универсальная десятичная классификация  |o полное четвертое издание на русском языке  |f Российская академия наук ; Всероссийский институт научной и технической информации (ВИНИТИ) ; гл. ред. Ю. М. Арский  |v Т. 10: 7/9 Искусство. Спорт. Филология. География. История 
606 1 |a Универсальная десятичная классификация  |x УДК  |2 stltpush  |3 (RuTPU)RU\TPU\subj\63046  |9 80094 
610 1 |a библиотеки 
610 1 |a библиотечное дело 
610 1 |a библиотечные классификации 
610 1 |a систематические каталоги 
610 1 |a классификационные системы 
610 1 |a разделы 
686 |a Ч736.241.21(0)2  |v LBC/SL-A  |2 rubbk 
801 1 |a RU  |b 63413507  |c 20090129  |g PSBO 
801 2 |a RU  |b 63413507  |c 20090427  |g PSBO 
942 |c BK 
959 |a 13/20090129  |d 1  |e 0  |f НМО:1